书目信息 |
| 题名: |
巴甫洛夫
|
|
| 作者: | 阿·尤果夫 著 ;孙晔 译 | |
| 分册: | ||
| 出版信息: | 北京 中国青年出版社 1957年 |
|
| 页数: | 304页 | |
| 开本: | 20cm | |
| 丛书名: | 青年科学丛书 | |
| 单 册: | ||
| 中图分类: | I287.55 | |
| 科图分类: | ||
| 主题词: | 儿童文学--中国 , 儿童文学--中国--丛书 | |
| 电子资源: | ||
| ISBN: | ||
| 000 | 00676nam0 2200241 450 | |
| 001 | 0632099046 | |
| 005 | 20060725085835.93 | |
| 010 | @dCNY0.85 | |
| 100 | @a20060725d1957 km y0chiy0120 ea | |
| 101 | 0 | @achi |
| 102 | @aCN@b110000 | |
| 200 | 1 | @a巴甫洛夫@Aba fu luo fu@f阿·尤果夫著@Fa·you guo fu zhu@g孙晔译@Gsun ye yi |
| 210 | @a北京@c中国青年出版社@d1957年 | |
| 215 | @a304页@d20cm | |
| 225 | 2 | @a青年科学丛书 |
| 410 | 0 | @12001 @a青年科学丛书 |
| 606 | 0 | @a儿童文学@x中国 |
| 606 | 0 | @a儿童文学@x中国@x丛书 |
| 690 | @aI287.55@v3 | |
| 701 | 0 | @a阿·尤果夫@Aa·you guo fu@4著 |
| 702 | 0 | @a孙晔@Asun ye@4译 |
| 801 | 0 | @aCN@bPFT@c20060725 |
| 905 | @a10447@dI287.55@e209 | |
| 巴甫洛夫/阿·尤果夫著/孙晔译.-北京:中国青年出版社,1957年 |
| 304页;20cm.-(青年科学丛书) |
| ISBN :CNY0.85 |
| ● |
| 相关链接 |
|
|
|
|
正题名:巴甫洛夫
索取号:I287.55/209
 
预约/预借
| 序号 | 登录号 | 条形码 | 馆藏地/架位号 | 状态 | 备注 |
| 1 | 0426762 | 204267621 | 密集书库/ [索取号:I287.55/209] | 在馆 |